LIBRARY & INFORMATION CENTRE, KCAET, TAVANUR

ONLINE PUBLIC ACCESS CATALOGUE (OPAC)

Introduction to statistical quality control / (Record no. 13134)

MARC details
000 -LEADER
fixed length control field 00418cam a2200157ua 4500
041 ## - LANGUAGE CODE
Language code of text/sound track or separate title eng
082 ## - DEWEY DECIMAL CLASSIFICATION NUMBER
Classification number 658.562
Item number MON/IN
100 ## - MAIN ENTRY--AUTHOR NAME
Personal name Montgomery, Douglas C .
245 ## - TITLE STATEMENT
Title Introduction to statistical quality control /
250 ## - EDITION STATEMENT
Edition statement 4 /
260 ## - PUBLICATION, DISTRIBUTION, ETC. (IMPRINT)
Place of publication New Delhi :
Name of publisher Wiley India ,
Year of publication 2007.
300 ## - PHYSICAL DESCRIPTION
Number of Pages 798 ; .
942 ## - ADDED ENTRY ELEMENTS (KOHA)
Koha item type Books
Holdings
Withdrawn status Lost status Damaged status Home library Current library Date acquired Full call number Accession Number Koha item type
      KAUAET KAUAET 07/04/2012 658.562 MON/DO 21465 Books
free website counter